000 00376nam a2200145Ia 4500
008 090124s9999 xx 000 0 und d
082 _b203156
245 _aTALES FROM LOOL ARABIAN NIGHTS
250 _a1
260 _bBURLON RICHARD F.
_c1988
300 _a871
630 _aTALES FROM LOOL ARABIAN NIGHTS
730 _aTALES FROM LOOL ARABIAN NIGHTS
942 _cBOOK
999 _c184737
_d184737